Statistiques concernant Seulement 20 Pays Sur la Carte du Monde #2

Cliquez ici pour prendre le quiz!

Statistiques générales

  • Ce quiz a été pris 489 fois
  • Le résultat moyen est 18 sur 20

Statistiques - réponses

Pays % Correct
Australie
99%
Chili
98%
Mexique
98%
Mongolie
96%
Turquie
94%
Arabie Saoudite
94%
Pakistan
91%
Équateur
88%
Lesotho
88%
Afghanistan
87%
Lettonie
87%
Allemagne
87%
Kenya
85%
Autriche
85%
Guyana
84%
Sénégal
83%
Zimbabwe
79%
Costa Rica
78%
Malawi
77%
Cambodge
74%

Distribution des résultats

Percentile par nombre de réponses

% des personnes avec chaque résultat

Votre développement - résultats

Vous n’avez pas pris ce quiz